| 000 | 01687cad a22002415a 4500 | ||
|---|---|---|---|
| 001 | L147658 | ||
| 008 | 090603e20090505xxk f v 000 0 eng d | ||
| 035 | _a(Sirsi) u147658 | ||
| 041 | 0 | _aeng | |
| 245 | 0 | 4 |
_aDefence Estates v JL and Anor _h[electronic resource] |
| 260 | _c2009 | ||
| 520 | _a[2009] EWHC 1049 (Admin), 05 May 2009. The case relates to possession of premises. Defence Estates (D) is in charge of managing property belonging to the Ministry of Defence, to house members of the Armed Forces and their families. D seeks possession of premises in Leeds in which JL and her family are living. D also seeks damages for use and occupation. JL argued that bringing the claim for possession constitutes a breach of her rights under Article 8 of the European Convention of Human Rights. Following particularly difficult circumstances of JL and family, she was housed as an irregular occupier in the premises in 1989. Eventually she was asked to move. Possession order was granted in 1993 but not applied. "Held": The judge decided to make a possession order. D's claim for damages is dismissed. Leeds City Council has to carry out its duty to help JL and family find permanent accommodation. | ||
| 590 | _aKA | ||
| 650 | 2 | 4 | _aDEFENCE ESTATES V JL AND ANOR |
| 650 | 2 | 4 | _aDORAN V LIVERPOOL CITY COUNCIL |
| 650 | 2 | 4 | _aDOHERTY V BIRMINGHAM CITY COUNCIL |
| 650 | 2 | 4 | _aEUROPEAN CONVENTION ON HUMAN RIGHTS 1950 |
| 650 | 2 | 4 | _aHUMAN RIGHTS ACT 1998 |
| 651 | 4 |
_aEngland and Wales _y1543- |
|
| 690 | _aPROPERTY-LANDLORD AND TENANT-TENANCIES | ||
| 856 | 4 | 0 |
_uhttps://www.bailii.org/ew/cases/EWHC/Admin/2009/1049.html _zView the case free of charge at www.bailli.org... |
| 942 | _n0 | ||
| 999 |
_c81603 _d81603 |
||